Lyon : chaîne de mots - Statistiques

Statistiques générales
  • Ce quiz a été pris 551 fois
  • Le résultat moyen est 10 sur 25
Statistiques - réponses
Indice Réponse % Correct
Fleuve qui traverse Lyon Rhône
100%
Marionnette lyonnaise Guignol
79%
Lettre désignant la première ligne automatique de métro au monde, inaugurée à Lyon en 1991 D
76%
Nom latin de Lyon Lugdunum
76%
Celui de la Tête d'Or, avec ses 117 hectares, est l'un des plus grands de France Parc
66%
Rivière qui se jette dans le fleuve qui traverse Lyon Saône
65%
Place centrale dans la Presqu'île, avec en son centre une statue équestre le Louis XIV Bellecour
62%
Empire à l'origine de la fondation de Lyon Romain
58%
Nom donné (deux mots) aux quartiers Renaissance de Lyon (Saint-Jean, Saint-Paul et Saint-Georges) Vieux Lyon
49%
Passages au travers des cours d'immeubles permettant de relier deux rues Traboules
46%
Nom de deux maires de Lyon (sans lien familial), dont l'un fut Ministre de l'Intérieur d'E. Macron Collomb
41%
Ouvriers tisseurs de soie, révoltés en 1831 Canuts
39%
Parti politique dont est issu le maire actuel de Lyon, Grégory Doucet (sigle) EELV
39%
Gardien de but de l'OL à l'époque des grands succès du club Coupet
31%
Appellation de la nouvelle intercommunalité qui compte aussi des compétences départementales Métropole
30%
Prénom du maire de Lyon pendant plus de 50 ans, archétype du politicien de la IIIème République Edouard
27%
On se le remplit avec bonheur dans la capitale de la gastronomie Estomac
25%
Premier prénom de Schmitt, écrivain lyonnais auteur, entre autres, de "Oscar et la dame rose" Eric
22%
De Gaulle a proclamé que Lyon en était la capitale Résistance
19%
Nom d'une station d'une autre ligne qui pourrait nous faire croire qu'elle vient de la préfecture de l'Ain Debourg
16%
Nom du maire de Lyon qui a modernisé la ville dans les années 90 (prénom : Michel) Noir
16%
Station de radio fondée à Lyon en 1983 et d'envergure nationale aujourd'hui Nostalgie
12%
Femme de lettres (1777-1849), prénommée Juliette, célèbre aussi pour son salon parisien Récamier
11%
Exaction fréquemment commise par le tristement célèbre Gang des Lyonnais Holdup
8%
Cépage caractéristique des Côtes du Rhône servis dans les célèbres bouchons lyonnais Syrah
7%
Aucun quiz correspondant
Distribution des résultats
% des personnes avec chaque résultat
Percentile par nombre de réponses
Votre historique - résultats
Vous n’avez pas pris ce quiz